Biologická a cílená léčba

Saved in:
Bibliographic Details
Main Authors Hartinger, Jan (Author), Tesař, Vladimír, 1957- (Author)
Format Book
LanguageCzech
Published Praha : Grada Publishing, 2026
Edition2., zcela přepracované a doplněné vydání
Subjects
ISBN978-80-271-3765-7
Physical Description564 stran : barevné ilustrace ; 25 cm

Cover

LEADER 00000nam a2200000 i 4500
001 115832
003 CZ-ZlUTB
005 20260617072244.0
007 ta
008 260526s2026 xr a f 001 0 cze
015 |a cnb003760152 
020 |a 978-80-271-3765-7  |q (vázáno) :  |c Kč 1299,00 
040 |a BOA001  |b cze  |e rda 
041 0 |a cze  |b cze  |b eng 
072 7 |a 616  |x Patologie. Klinická medicína  |2 Konspekt  |9 14 
080 |a 616-08:[615.32/.35:60]  |2 MRF 
080 |a 615.32/.35:60  |2 MRF 
080 |a (048.8:082)  |2 MRF 
100 1 |a Hartinger, Jan  |7 xx0224709  |4 aut 
245 1 0 |a Biologická a cílená léčba /  |c Jan Miroslav Hartinger, Vladimír Tesař a kolektiv 
250 |a 2., zcela přepracované a doplněné vydání 
264 1 |a Praha :  |b Grada Publishing,  |c 2026 
300 |a 564 stran :  |b barevné ilustrace ;  |c 25 cm 
336 |a text  |b txt  |2 rdacontent 
337 |a bez média  |b n  |2 rdamedia 
338 |a svazek  |b nc  |2 rdacarrier 
504 |a Obsahuje bibliografie a rejstřík 
546 |a České a anglické resumé 
650 0 7 |a biologická léčba  |7 ph705333  |2 czenas 
650 0 7 |a bioléčiva  |7 ph503045  |2 czenas 
650 0 9 |a biologic therapy  |2 eczenas 
650 0 9 |a biopharmaceuticals  |2 eczenas 
655 7 |a kolektivní monografie  |7 fd501537  |2 czenas 
655 9 |a collective monographs  |2 eczenas 
700 1 |a Tesař, Vladimír,  |d 1957-  |7 jn20000402349  |4 aut 
710 2 |a Grada (nakladatelství)  |7 kn20080316009  |4 pbl 
910 |a ZLD002 
942 |2 udc 
952 |0 0  |1 0  |4 0  |5 0  |6 616HARTINGERJ  |7 -1  |8 BOOK  |9 191605  |a UTBZL  |b UTBZL  |c 005  |d 2026-06-17  |l 0  |o 616/HARTINGER,J.  |p 420010202324  |r 2026-06-17 07:23:33  |v 1299.00  |w 2026-06-17  |x N:nákup  |y 01 
992 |a BK  |b SKNEW 
999 |c 115832  |d 115832